01576nam a22003014a 4500001000500000005001700005006001900022007000300041008004100044020001600085040000900101041000800110082001800118100003000136245012500166250002200291260005500313300003000368505041900398650001600817650002500833650002300858942004900881952010100930952010801031952011801139999001701257UTEA20250910123712.0g||||gr||||||01 nzta250908b pe ||||| |||| 00| 0 spa d a1017881905X aUTEA aspa a364bC26 2023 aCarrera, FranciscoeAutor aPrograma del Curso de derecho criminal : bdesarrollado en la universidad de pisa / cFrancisco Carrerah[Texto Impreso] aEdición; bT-II aSan José - Costa RicabLegare Street Pressc2022 a188 páginasc24 x 14 cm aDe la pena -- idea de la pena -- Origen de la pena -- Del fin de la pena -- de las fuerzas de la pena -- De las condiciones que debe tener la pena -- Idea general de la calidad en las penas -- Del criterio de de la calidad en as penas -- de los criterios de la cantidad de las penas -- Razones políticas ó extrínsecas para modificar la pena -- Razones políticas ó intrínsecas para modificar la pena.  aPENA959229 aEXTRÍNSECAS959230 aINTRINSECAS959231 2ddccBKe2025-09-08zMag. Cecilio Flores Noa 00102ddc40708EPDF2aBANDbBANDd2025-09-08eCPo364 C26 2023pBAND25090082w2025-09-08yBKk 00102ddc40708EPDF2aBABAbBABAcSALA2d2025-09-10eCPo364 C26 2023pBABA25090140w2025-09-10yBKk 00102ddc40708EPDF2aBCUSbBCUScBiblioteca Graud2025-09-10eCPo364 C26 2023pBCUS25090160w2025-09-10yBKk c17234d17234